Statystyki dla Państwa Członkowskie - OPA

Kliknij tutaj aby rozwiązać quiz!

Ogólne statystyki

  • Ten quiz został rozwiązany 27 razy
  • Średni wynik to 29 z 34

Statystyki odpowiedzi

Państwo% Poprawnych
Kanada
100%
Kuba
100%
Meksyk
100%
Stany Zjednoczone
100%
Argentyna
96%
Brazylia
96%
Paragwaj
96%
Urugwaj
96%
Wenezuela
96%
Belize
92%
Dominika
92%
Haiti
92%
Honduras
92%
Nikaragua
92%
Panama
92%
Peru
92%
Boliwia
88%
Chile
88%
Dominikana
88%
Gwatemala
88%
Kostaryka
88%
Gujana
84%
Jamajka
84%
Kolumbia
84%
Salwador
84%
Antigua i Barbuda
76%
Saint Lucia
76%
Surinam
76%
Trynidad i Tobago
76%
Bahamy
72%
Saint Kitts i Nevis
72%
Grenada
68%
Saint Vincent i Grenadyny
68%
Barbados
60%

Rozkład punktacji

Percentyl według liczby udzielonych odpowiedzi

Procent ludzi z każdym wynikiem

Twoja historia wyników

Nie rozwiązałeś tego quizu